000 00395nam a2200181Ia 4500
008 240510s9999 xx 000 0 und d
020 _a9789556810417
041 _asih
082 _a891.483
082 _bS15
100 _aSANNASGALA,Upul Shantha
245 0 _aSarasavi Diyaniyo
260 _bNugegoda,Sanghinda
260 _c2011
300 _a161 p.
942 _2ddc
942 _cLBK
999 _c28708
_d28708
945 _a1
_bMadushi Gamage
_c1
_dMadushi Gamage